00548 2200217 4500001002100000005001700021008004100038035002400079082001000103090002000113100001700133245005000150250001000200260002800210300002400238650001900262850001500281980001300296985000600309999001500315YOGYA-0209000003492620090227024943.0 ind  0010-020900000034926 a636.9 a636.9bRol KlT aROLLOS, Hans aKelinci sumber gizicHans Rollos, Harro Salim aCet.1 aBandungbAlmaarifc1981 a53 hlmbilusc20 cm aTernak kelinci aYOPDYOG(B) a06-11-06 a1 aP000019834